Le portrait dans l'antiquite d'apres les monnaies /
محفوظ في:
المؤلف الرئيسي:
التنسيق: كتاب
اللغة: French
منشور في:
Paris :
Payot,
1942.
الموضوعات:
الوسوم: إضافة وسم
لا توجد وسوم, كن أول من يضع وسما على هذه التسجيلة!
رقم الطلب: N7580 .B2 1942
| LEADER | 00724namaa2200241 4500 | ||
|---|---|---|---|
| 001 | 23616 | ||
| 003 | OSt | ||
| 005 | 20250828093131.0 | ||
| 008 | 130303s1942 fr f b 000 0 fre d | ||
| 010 | |a 44021134 | ||
| 040 | |c ARCE Library | ||
| 050 | 4 | |a N7580 .B2 1942 | |
| 100 | 1 | |a Babelon, Jean, |d 1889-1978. |e author | |
| 245 | 1 | 3 | |a Le portrait dans l'antiquite d'apres les monnaies / |c Jean Babelon. |
| 264 | 1 | |a Paris : |b Payot, |c 1942. | |
| 300 | |a 2 preliminary leaves, [7]-206 pages : |b plates ; |c 23 cm. | ||
| 504 | |a Includes bibliographical references. | ||
| 650 | 0 | |a Coins, Ancient. | |
| 650 | 0 | |a Kings and rulers |v Portraits. | |
| 650 | 0 | |a Numismatics, Ancient. | |
| 901 | |a reviewed | ||
| 942 | |c BK |2 lcc | ||
| 999 | |c 23662 |d 23662 | ||
